000 00805nam a2200229Ii 4500
003 JO-AjNU
008 230605s9999||||xx |||||||||||||| ||und||
017 _a2007/5/1451
020 _a978-9957-02-288-4
040 _aJO-AjNU
_bara
_erda
_cJO-AjNU
041 _aara
050 1 4 _aLB2805.M3222 2007
100 3 _aمدانات،أوجيني مؤلفة/كمال،برزة مراجعة ومنقحة,
_eauthor
_922206
245 0 0 _aسلوكيات في العملية الإدارية
250 _aط1
264 3 1 _aعمان:دار مجدلاوي،2007
300 _a194ص
336 _atext
_btxt
_2rdacontent
337 _aunmediated
_bn
_2rdamedia
338 _avolume
_bnc
_2rdacarrier
650 4 _aالإدارة التعليمية-السلوك الاداري. المدارس-إدارة
_922207
999 _aA7844
_c11412
_d11412